| 000 | 00596nam a22001577a 4500 | ||
|---|---|---|---|
| 003 | NUST | ||
| 038 | _aNusrat Nadeem | ||
| 082 | _a200 | ||
| 100 |
_aAshraf, Maria _930259 |
||
| 245 |
_aStudy and Analysis of Ancillary Services to Ensure Continued Operation of Power System in the Presence of High Renewable Energy Resources Penetration/ _cMaria Ashraf, |
||
| 264 |
_aKarachi. _bPNEC NUST _c2025. |
||
| 650 |
_aPhD-Electrical Engineering _984162 |
||
| 700 |
_aSupervisor: Dr. Syed Sajjad Haider Zaidi _9127716 |
||
| 856 | _uhttp://10.250.8.41:8080/xmlui/handle/123456789/56894 | ||
| 942 |
_2ddc _cSC |
||
| 999 |
_c616364 _d616364 |
||